Digital communications (Record no. 956)

000 -LEADER
fixed length control field 00508nam a2200205 a 4500
001 - CONTROL NUMBER
control field 956
003 - CONTROL NUMBER IDENTIFIER
control field BD-DhUET
008 - FIXED-LENGTH DATA ELEMENTS--GENERAL INFORMATION
fixed length control field 860516s1986 inua b 001 0 eng
020 ## - INTERNATIONAL STANDARD BOOK NUMBER
International Standard Book Number 0071181830
040 ## - CATALOGING SOURCE
Original cataloging agency DLC
Transcribing agency DLC
Modifying agency BD-DhUET
082 00 - DEWEY DECIMAL CLASSIFICATION NUMBER
Classification number 623.8
Item number PRO/2001
100 ## - MAIN ENTRY--PERSONAL NAME
Personal name Proakis, John G.
245 00 - TITLE STATEMENT
Title Digital communications
250 ## - EDITION STATEMENT
Edition statement 4th ed.
260 ## - PUBLICATION, DISTRIBUTION, ETC. (IMPRINT)
Place of publication, distribution, etc. Boston
Name of publisher, distributor, etc. McGraw-Hill
Date of publication, distribution, etc. 2001
300 ## - PHYSICAL DESCRIPTION
Extent xxi,1002p..
504 ## - BIBLIOGRAPHY, ETC. NOTE
Bibliography, etc Includes bibliographies

650 #0 - SUBJECT ADDED ENTRY--TOPICAL TERM
Topical term or geographic name as entry element Digital communications.
942 ## - ADDED ENTRY ELEMENTS (KOHA)
Koha item type General Book
Holdings
Price effective from Piece designation (barcode) Sublocation or collection (holding branch) Koha issues (times borrowed) Koha normalized classification for sorting Damaged status Copy number Date acquired Shelving location Koha full call number Source of classification or shelving scheme Location (home branch) Lost status Koha item type Not for loan Withdrawn status Koha date last seen Koha date last borrowed
2014-08-26103342Central Library, BUET 623_000000000000000_8PRO2001 12014-08-26Circulation section623.8/PRO/2001 Central Library, BUET General Book  2014-08-26 
2014-08-26103344Central Library, BUET 623_000000000000000_8PRO2001 22014-08-26Circulation section623.8/PRO/2001 Central Library, BUET General Book  2017-07-30 
2014-08-26103345Central Library, BUET 623_000000000000000_8PRO2001 32014-08-26Circulation section623.8/PRO/2001 Central Library, BUET General Book  2015-06-08 
2014-08-26103346Central Library, BUET1623_000000000000000_8PRO2001 42014-08-26Circulation section623.8/PRO/2001 Central Library, BUET General Book  2015-08-182015-05-20
2014-08-26103347Central Library, BUET 623_000000000000000_8PRO2001 52014-08-26Circulation section623.8/PRO/2001 Central Library, BUET General Book  2014-08-26 
2014-08-26103348Central Library, BUET2623_000000000000000_8PRO2001 62014-08-26Circulation section623.8/PRO/2001 Central Library, BUET General Book  2018-08-292018-08-06
2014-08-26103349Central Library, BUET1623_000000000000000_8PRO2001 72014-08-26Circulation section623.8/PRO/2001 Central Library, BUET General Book  2018-09-112018-08-29
2014-08-26103350Central Library, BUET 623_000000000000000_8PRO2001 82014-08-26Circulation section623.8/PRO/2001 Central Library, BUET General Book  2015-08-16 
2014-08-26107674Central Library, BUET 623_000000000000000_8PRO2001 92014-08-26Circulation section623.8/PRO/2001 Central Library, BUET General Book  2015-03-01 
2017-05-16103343Central Library, BUET1623_800000000000000_PRO_2001 102007-05-07Circulation section623.8/PRO/2001 Central Library, BUET General Book  2018-09-092018-08-28